Statistics for Block Strike Trivia

Click here to take the quiz!

General Stats

  • This quiz has been taken 9 times
  • The average score is 7 of 9

Answer Stats

HintAnswer% Correct
what is the map with the most secretsplayground
100%
who made the gameRexet
100%
what is the starting primary gunUMP-45
100%
starting secondary gunGlock
100%
starting melle weaponknife
100%
what game mode has it to where you jump from platform to platformBunny Hop
75%
What is the weapon you cannot unlockgrenade
50%
what level do you have to be to do clans15
50%
What is the first game mode on the pop up listdeathmatch
25%

Score Distribution

Percentile by Number Answered

Percent of People with Each Score

Your Score History

You have not taken this quiz